| 000 | 00480nab a2200157Ia 4500 | ||
|---|---|---|---|
| 003 | ES-SlBCS | ||
| 005 | 20210601140926.0 | ||
| 008 | 140529s2004 xxu||||| |||| 00| 0 spa d | ||
| 041 | _aspa | ||
| 100 | 1 |
_aAllegue, Xosë _9249522 |
|
| 245 | 0 | 0 |
_aCiudades sobrepuestas _c Xosë Allegue, Plácido Lizancos |
| 651 | 4 |
_aSantiago de Compostela _986283 |
|
| 700 | 1 |
_aLizancos, Plácido _9249523 |
|
| 773 | 0 |
_tDescubrir el Arte _gvol. 6, nº. 64, 2004, págs. 32-35 _wRev1149 |
|
| 942 | _cAR | ||
| 999 |
_c652315 _d652315 |
||